| 000 | 00479nam a2200205Ia 4500 | ||
|---|---|---|---|
| 003 | 0100 | ||
| 008 | 130303s9999 xx 000 0 und d | ||
| 020 | _a0872204545 | ||
| 040 | _cARRUPELIB | ||
| 050 | _aB415.T5713 1999 | ||
| 100 | _aThomas Aquinas, St | ||
| 245 | _aOn human nature | ||
| 260 | _aIndianapolis | ||
| 260 | _bHackett Publishing Company | ||
| 260 | _C1999 | ||
| 300 | _a274p. | ||
| 300 | _b 22cm | ||
| 700 | _aHibbs, Thomas S. (ed.) | ||
| 942 |
_2lcc _04 |
||
| 999 |
_c58076 _d58076 |
||